000 02924nam a22003497a 4500
005 20240305165628.0
007 cr|||| ||||
008 220322s2018 eu |||||s|||| 00||0 spa d
020 _a978-84-9123-706-8
035 _a33634
040 _avLex
090 _c13073
_d13073
100 1 _aMartínez Gutiérrez, Ángel
245 1 0 _aDenominaciones de origen e indicaciones geográficas en la Unión Europea
_h[Recurso electrónico] :
_bCinco lustros de luces y sombras /
_cÁngel Martínez Gutiérrez
256 _aServicio en línea
260 _aMadrid:
_bMarcial Pons,
_c2018
300 _a1 recurso electrónico
500 _aEn 2017 se cumplieron veinticinco años de la aprobación en la Unión Europea de una tutela específica para las figuras de calidad ancladas al territorio aplicables a la práctica totalidad de los productos agroalimentarios. Aunque la preocupación del legislador comunitario por esta materia, limitada eso sí al ámbito vitivinícola, se retrotrae a una etapa anterior coincidente con los albores de la Unión Europea, ha sido a partir de 1992 cuando se inició un proceso de extensión productiva y armonización comunitaria que ha llegado hasta nuestros días. Se justifica así que, con ocasión de esta efeméride, la monografía aborde el estudio de los dos principales instrumentos normativos comunitarios actualmente vigentes en la Unión Europea, atendiendo a las aportaciones de la doctrina científica, así como a las decisiones administrativas y judiciales adoptadas dentro y fuera de España. Así pues, además de examinar los preceptos del Reglamento (UE) núm. 1308/2013 que han sido dedicados a los títulos de calidad vitivinícolas, analiza también el contenido del Reglamento (UE) núm. 1151/2012, que los regula de forma horizontal para todos los productos agroalimentarios, a excepción de las bebidas espirituosas y los productos vitivinícolas aromatizados, cuyas indicaciones geográficas encuentran su regulación en sendos regímenes jurídicos específicos que resultan tributarios de la normativa horizontal [Reglamento (CE) núm. 110/2008 y Reglamento (UE) núm. 251/2014].
506 1 _aDisponible solo en los productos indicados
_dvLex Global
_dvLex Global (Academic Edition, excluding Law Schools)
_dvLex Global (U.S. Academic Edition, Law Schools)
_dvLex Global (U.S. Academic Edition, excluding Law Schools)
_dvLex Global (Academic Edition, Law Schools)
650 0 4 _aPropiedad Industrial
_zEspaña
650 0 4 _aDerecho de la Competencia
_zEspaña
650 0 4 _aActividad Administrativa
_zEspaña
650 0 4 _aSanidad
_zEspaña
650 0 4 _aAlimentación
_zEspaña
650 0 4 _aConsumo
_zEspaña
650 0 4 _aDerecho Comunitario
_zEspaña
650 0 4 _aAgricultura y Ganadería
_zEspaña
650 0 4 _aPesca
_zEspaña
740 0 _avLex Libros (Servicio en línea)
856 4 0 _uhttps://app.vlex.com/#/sources/33634
942 _cRAA
999 _c171309
_d171309